| 000 | 00758nam a2200193 a 4500 | ||
|---|---|---|---|
| 003 | 0 | ||
| 005 | 20250411094008.0 | ||
| 008 | 060729s19uu xx 00 eng d | ||
| 050 |
_aPHS GT 495.M47 _b.G56 2006 |
||
| 100 | _aGimotea, Mark Anthony E. | ||
| 245 |
_aProfile of metrosexual practices and the self-image of male high school students of Southville International School and Colleges / _cMark Anthony E. Gimotea. |
||
| 260 |
_aLas PiƱas City, Philippines : _bSouthville International School and Colleges, _c2006. |
||
| 300 |
_a29 pages ; _c28 cm. |
||
| 504 | _aIncludes bibliographical references. | ||
| 650 | _aMetrosexuality (Subculture). | ||
| 650 | _aSelf-perception in adolescence. | ||
| 650 | _aBody image in adolescence. | ||
| 942 |
_2lcc _cPASS |
||
| 999 |
_c97608 _d97608 |
||